| 000 | 00917cad a22002175a 4500 | ||
|---|---|---|---|
| 001 | L153696 | ||
| 008 | 110817s2011 xxk f 000 0 eng d | ||
| 035 | _a(Sirsi) u153696 | ||
| 041 | 0 | _aeng | |
| 050 | 0 | 4 | _a346.41043 $2 18 |
| 110 | 2 |
_aUnited Kingdom _bLand Registry _94774 |
|
| 245 | 0 | 0 |
_aProfits a prendre _h[electronic resource] |
| 260 |
_a[S.l] _bLand Registry _c2011 |
||
| 490 |
_aLand Registry Practice Guide _v(16) |
||
| 520 | _aGives advice regarding all aspects of the registration of profits a prendre in gross. | ||
| 650 | 2 | 4 | _aLAND REGISTRATION ACT 2002 |
| 651 | 4 |
_aEngland and Wales _y1543- |
|
| 690 | _aPROPERTY-PROPERTY ACQUISITION AND DISPOSAL-REGISTRATION OF TITLE TO PROPERTY-LAND REGISTRATION | ||
| 856 |
_uhttps://www.gov.uk/government/publications/profits-a-prendre--2/practice-guide-16-profits-a-prendre _zView this document free of charge at Land Registry via .gov.uk |
||
| 942 |
_n0 _2ddc |
||
| 999 |
_c112653 _d112653 |
||